The geometry of spacetime : an introduction to special and general relativity /
Guardado en:
| Autor Principal: | |
|---|---|
| Formato: | Libro |
| Idioma: | English |
| Publicado: |
New York :
Springer,
c2000.
|
| Series: | Undergraduate texts in mathematics
|
| Materias: | |
| Acceso en línea: | Errata Google Book Search |
| Etiquetas: |
Agregar Etiqueta
Sin Etiquetas, Sea el primero en etiquetar este registro!
|
| LEADER | 01109cam a2200301 a 4500 | ||
|---|---|---|---|
| 001 | MAT.inmabb003986 | ||
| 008 | 981013s2000####nyua#####b####001#0#eng## | ||
| 005 | 20130313142008.0 | ||
| 245 | 1 | 4 | |a The geometry of spacetime : |b an introduction to special and general relativity / |c James J. Callahan. |
| 260 | |a New York : |b Springer, |c c2000. | ||
| 300 | |a xvi, 451 p. : |b il. ; |c 25 cm. | ||
| 440 | 0 | |a Undergraduate texts in mathematics | |
| 504 | |a Incluye referencias bibliográficas (p. 435-437) e índice. | ||
| 500 | |a Errata disponible en la Web. | ||
| 510 | 4 | |a MR, |c 2001i:83001 | |
| 020 | |a 0387986413 | ||
| 100 | 1 | |a Callahan, James. | |
| 650 | 0 | |a Relativity (Physics) | |
| 650 | 0 | |a Space and time. | |
| 650 | 0 | |a Algebras, Linear. | |
| 650 | 0 | |a Calculus of variations. | |
| 650 | 0 | |a Mathematical physics. | |
| 084 | |a 83-01 (53-01) |2 msc2000 | ||
| 010 | |a 98048083 | ||
| 040 | |a DLC |c DLC |d DLC | ||
| 856 | 4 | |u http://maven.smith.edu/%7Ecallahan/spacetime/errata/errata.html |y Errata | |
| 856 | 4 | 1 | |u http://books.google.com/books?isbn=0387986413 |y Google Book Search |
| 859 | |h 83 |i C156 |p A-8374 |b BIB. MATEMATICA | ||
